Word Scramble - All Countries - Statistics

General Stats
  • This quiz has been taken 4,177 times
    4,166 since last reset
  • The average score is 101 of 196
Answer Stats
Scrambled Unscrambled % Correct
ionmagol Mongolia
88%
anri Iran
86%
aqri Iraq
83%
adhc Chad
82%
bauc Cuba
82%
izablr Brazil
81%
amcjaai Jamaica
81%
kyaen Kenya
81%
goot Togo
81%
anjpa Japan
79%
enemy Yemen
79%
anmo Oman
78%
panis Spain
77%
gtaon Tonga
77%
zbaimquoem Mozambique
75%
manpaa Panama
75%
ncahi China
74%
jiif Fiji
74%
nhaag Ghana
74%
tihia Haiti
74%
ooroccm Morocco
74%
hlnpipsieip Philippines
74%
ataqr Qatar
74%
zraajaneib Azerbaijan
73%
ennbi Benin
73%
petgy Egypt
73%
ecrege Greece
73%
osla Laos
73%
almi Mali
73%
enrig Niger
73%
ibmzaa Zambia
73%
ruep Peru
72%
isayr Syria
72%
ngaloa Angola
71%
oovsko Kosovo
71%
cixmoe Mexico
71%
osama Samoa
71%
ekrtyu Turkey
71%
cpsyur Cyprus
70%
byial Libya
70%
atubnh Bhutan
69%
iaogrge Georgia
69%
almat Malta
69%
aminaib Namibia
69%
alabain Albania
68%
daanca Canada
68%
adini India
68%
oamainr Romania
68%
utauvl Tuvalu
68%
hicel Chile
67%
cnafer France
67%
hootles Lesotho
67%
onmcao Monaco
67%
anlep Nepal
67%
upaal Palau
67%
edesnw Sweden
67%
elbzie Belize
66%
uomegrxlub Luxembourg
66%
arapugya Paraguay
66%
obang Gabon
65%
naygau Guyana
65%
adrjno Jordan
65%
walmia Malawi
65%
nnidlfa Finland
64%
amgiba Gambia
64%
enigau Guinea
64%
aavtli Latvia
64%
loiskaav Slovakia
64%
iloaibv Bolivia
63%
irlsea Israel
63%
iawktu Kuwait
63%
saimayla Malaysia
63%
uruna Nauru
63%
doalpn Poland
63%
agipeonsr Singapore
63%
zhasktaank Kazakhstan
62%
rzgsktayny Kyrgyzstan
62%
tunvuaa Vanuatu
62%
anitnaaz Tanzania
61%
asnowbat Botswana
60%
emnkrad Denmark
60%
jitduoib Djibouti
60%
laiyt Italy
60%
asgaradmca Madagascar
60%
sraeib Serbia
60%
nagdbesahl Bangladesh
59%
olvmado Moldova
59%
usand Sudan
59%
ayuugur Uruguay
59%
omosocr Comoros
58%
rsauis Russia
58%
igiaenr Nigeria
57%
dnaraw Rwanda
57%
awitna Taiwan
57%
amnkeuintsrt Turkmenistan
57%
ahibnra Bahrain
56%
elubmgi Belgium
56%
iktibiar Kiribati
56%
nntemgrooe Montenegro
56%
aacnuairg Nicaragua
56%
bzwiaebm Zimbabwe
56%
eirater Eritrea
55%
airetzsndwl Switzerland
55%
ahasabm Bahamas
53%
ulesabr Belarus
53%
aramnmy Myanmar
53%
anelesg Senegal
53%
enubir Brunei
52%
nreymga Germany
52%
renidla Ireland
52%
usialrata Australia
51%
ahntdlai Thailand
51%
dnauag Uganda
51%
eaueezvnl Venezuela
51%
urdbiun Burundi
50%
atraico Croatia
50%
obenaln Lebanon
50%
omisaal Somalia
50%
iebairl Liberia
49%
nryoaw Norway
49%
zeicach Czechia
48%
swneitia eSwatini
48%
ieavmtn Vietnam
48%
cenidla Iceland
47%
icelteneshtni Liechtenstein
47%
daobsarb Barbados
46%
onahrusd Honduras
46%
ikunera Ukraine
46%
askinajtti Tajikistan
45%
itranuamia Mauritania
44%
gbiuaarl Bulgaria
43%
daicaomb Cambodia
43%
redgana Grenada
43%
cidoanmi Dominica
42%
tamauegal Guatemala
42%
imraean Armenia
41%
ribsaiaauda Saudi Arabia
41%
asabniufrko Burkina Faso
40%
fnsaaaihtgn Afghanistan
39%
iglaear Algeria
39%
olicbmao Colombia
39%
rnuygha Hungary
39%
taapnski Pakistan
38%
dmeaisvl Maldives
37%
tpaoulgr Portugal
37%
eceslesylh Seychelles
37%
ieitoaph Ethiopia
36%
vsileano Slovenia
36%
wazlnanede New Zealand
35%
inuaits Tunisia
35%
nrhniadsevobezoaiang Bosnia and Herzegovina
33%
unsgsbaiieau Guinea-Bissau
32%
urmsanei Suriname
32%
activitycan Vatican City
32%
zeautinbsk Uzbekistan
30%
rdnaoar Andorra
29%
isuatar Austria
29%
oucraed Ecuador
29%
hatliaiun Lithuania
28%
tnnsrnsngaieiaehnnedecittdav Saint Vincent and the Grenadines
28%
cthdfuoooemcaegirntbcioelcpr Democratic Republic of the Congo
27%
oaesnnidi Indonesia
27%
erandelhnts Netherlands
27%
apnanawuieupeg Papua New Guinea
27%
ikesdtsnnattiviasn Saint Kitts and Nevis
27%
otasdsnuuh South Sudan
27%
tgbaanairnuaaudbd Antigua and Barbuda
26%
aueiluriaoegnqta Equatorial Guinea
26%
stieaon Estonia
26%
ecoarnom Cameroon
25%
gbiddoirannattdao Trinidad and Tobago
25%
rsumutaii Mauritius
24%
lmnslisoaoonsd Solomon Islands
23%
ntdugkminedio United Kingdom
23%
eepcdeavr Cape Verde
22%
tarioacsc Costa Rica
21%
ashslanmsdrllia Marshall Islands
21%
rcttoemuesnaeiiaftdas United States of America
21%
lalarosedv El Salvador
20%
otenrkaroh North Korea
19%
otesrkauoh South Korea
18%
lskraani Sri Lanka
18%
idauiastmnerateebr United Arab Emirates
18%
tauceicnreralbiarlncpf Central African Republic
16%
colpntubeefogoirch Republic of the Congo
16%
eaitrnagn Argentina
15%
tmhaodroenianc North Macedonia
15%
anisclaiut Saint Lucia
14%
monanrsai San Marino
13%
omcsinetraoaeippdn Sao Tome and Principe
13%
otisraauchf South Africa
13%
irimsnaceo Micronesia
12%
asoemtrti East Timor
11%
mnbdpnciuoiaclier Dominican Republic
10%
vrsiactooy Ivory Coast
10%
iaesnrlroee Sierra Leone
9%
No matching quizzes found
Score Distribution
Percent of People with Each Score
Percentile by Number Answered
Your Score History
You have not taken this quiz since the last reset